| 000 | 00538nam a2200217Ia 4500 | ||
|---|---|---|---|
| 999 |
_c36801 _d36801 |
||
| 001 | 2743 | ||
| 003 | GE_BSU | ||
| 005 | 20230824161624.0 | ||
| 008 | 181216s2004en xx |||||||||||||| ||eng|| | ||
| 020 | _a9289467835 x | ||
| 040 | _cGE_BSU | ||
| 041 | _aeng | ||
| 080 | _a327(4) F-91 | ||
| 100 |
_aFontaine, Pascal _915846 |
||
| 245 |
_aEurope in 12 lessons / _cPascal Fontaine. |
||
| 264 |
_aLuxembourg, _c2004. |
||
| 300 |
_a64 p.; _b22cm. |
||
| 653 | _aპოლიტიკა | ||
| 653 | _aევროპა | ||
| 942 |
_cBK _2udc |
||